000 00726cam a2200193 4500
001 WB3602-30
008 000000n2000 000 0 eng u
035 _a(Sirsi) u103591
245 _aCash plea rejected
260 _c2000
490 _aFinancial Times
_v14 January 2000, 4(1)
520 _aGovernment has rejected 'special pleading for cash' by some English regions. The south-east and the north-west have both had bids for special funding refused, a move widely seen as an attempt by the government to even out the economic strategies of the RDAs.
590 _aWB
650 _aREGIONAL AID
650 _aREGIONAL DEVELOPMENT AGENCIES
650 _aREGIONAL DEVELOPMENT
690 _aREGENERATION
942 _n0
999 _c62227
_d62227